| 000 | 00533nam a22001817a 4500 | ||
|---|---|---|---|
| 005 | 20160725114039.0 | ||
| 010 | _aENG-115512 | ||
| 020 |
_a9789381588291 _c195.00 |
||
| 035 | _aEN-99044 | ||
| 037 | _bDBAD/PUB | ||
| 082 | _aS | ||
| 100 | _aGhose, Indranil | ||
| 245 |
_aNuggets of nostalgia : _cby Indranil Ghosh _b the prescription for happiness / |
||
| 260 |
_aNew Delhi _bV & S Publishers _c2012 |
||
| 270 |
_aF-2/16,Ansari Road,Daryaganj _bNew Delhi _e110002 |
||
| 300 |
_a207p. : _c21cm(pbk) _bill |
||
| 942 |
_2ddc _cEN _hS _mGHO |
||
| 999 |
_c101438 _d101438 |
||